Dois casamentos | História de uma porta (Registo nº 1132)

Detalhes MARC
000 -Etiqueta do registo
Cabeçalho 00773nam0a2200241 4500
005 - Identificador da versão
Campo de controlo 20240822170843.0
010 ## - Número internacional normalizado dos livros (ISBN)
Número (ISBN) 9726806542
021 ## - Número do Depósito Legal
Código do país PT
Número 245901/06
100 ## - Dados gerais de processamento
Dados gerais de processamento 20150601d2006 e y0pory5003 ba
101 0# - Língua de publicação
Língua do texto, banda sonora, etc. Português
102 ## - Pais de publicação ou produção
País de publicação Portugal
200 1# - Titulo e menção de responsabilidade
Título próprio Dois casamentos
-- História de uma porta
Primeira menção de responsabilidade Camilo Castelo Branco
Outras menções de responsabilidade introd., notas, orient. leitura, selec. textos Graça Magalhães
210 ## - Publicação, Distribuição, etc. 
Lugar da edição, distribuição, etc. Lisboa
Nome do editor, distribuidor, etc. Lisboa Ed.
Data da publicação, distribuição, etc. 2006
215 ## - Descrição física 
Indicação específica da natureza do documento e extensão da espécie 79, [1] p.
Outras indicações físicas il. color
225 2# - Colecção 
Título próprio da colecção 1001 Livros
Informação de outro título da colecção  a partir dos 13 anos
Indicação de volume 6
606 ## - Nome comum usado como assunto
Número de registo de entrada de autoridade 0002010
Palavra de ordem Literatura portuguesa
Subdivisão de assunto Conto
Código do sistema CA
675 ## - Classificação Decimal Universal (CDU)
Notação 821.134.3-34
Edição 3ª ed.
Língua da edição por
700 #1 - Nome de autor-pessoa física (responsabilidade principal)
Número de registo de entrada de autoridade 0001388
Palavra de ordem Castelo Branco
Outra parte do nome não tomada para palavra de ordem Camilo
Datas 1825-1890
702 #1 - Nome de autor-pessoa física (responsabilidade secundária)
Número de registo de entrada de autoridade 0001537
Palavra de ordem Magalhães
Outra parte do nome não tomada para palavra de ordem Graça
Código de função Editor literário / Coordenador
942 ## - Elementos de entrada adicionados (Koha)
Tipo de item no Koha Livro
966 ## - Identificação da Biblioteca
Sigla EB2,3ENM
Exemplares
Situação do levantamento Origin of item (home branch) (coded) Biblioteca de empréstimo Código de barras Cota Circulation type (not for loan) Tipo de documento Nota do exemplar Damaged status
  Biblioteca Escolar Eng. Nuno Mergulhão Biblioteca Escolar Eng. Nuno Mergulhão BENM2062 82LP-34 CAS   Livro Sem mensagem